000 00769nam a2200205 a 4500
005 20220520063748.0
008 991125s1994 mx 000 0 spa u
020 _a970030616X
035 _aUPN01000056808
049 _aLT
050 4 _aLB1641
_bT53 1994
245 0 0 _aTiempos, lugares y gente 1 :
_bprimer curso de historia para educación secundaria /
_cdir. Argentina Perrusquía González.
260 _aMéxico :
_bFernández,
_c1994.
300 _a252 p. :
_bil. col.
500 _a"De la prehistoria al renacimiento"
500 _a"De acuerdo con el programa para la modernización educativa elaborado por la SEP"
650 4 _aHistoria
_xEstudio y enseñanza (Secundaria)
_95248
700 1 _aPerrusquía González, Argentina,
_edir.
_929852
905 _aLibro
999 _c56808
_d56808